<?xml version="1.0" encoding="UTF-8"?>
<record
    xmlns:xsi="http://www.w3.org/2001/XMLSchema-instance"
    xsi:schemaLocation="http://www.loc.gov/MARC21/slim http://www.loc.gov/standards/marcxml/schema/MARC21slim.xsd"
    xmlns="http://www.loc.gov/MARC21/slim">

  <leader>03540nam a2200565Ia 4500</leader>
  <controlfield tag="001">395</controlfield>
  <controlfield tag="008">241029s9999    xx            000 0 und d</controlfield>
  <datafield tag="010" ind1=" " ind2=" ">
    <subfield code="a">361</subfield>
  </datafield>
  <datafield tag="041" ind1=" " ind2=" ">
    <subfield code="a">Espa&#xF1;ol</subfield>
  </datafield>
  <datafield tag="082" ind1=" " ind2=" ">
    <subfield code="a">NO APLICA</subfield>
  </datafield>
  <datafield tag="245" ind1=" " ind2="0">
    <subfield code="a">Factores que inciden en el bajo rendimiento de los estudiantes de 7mo. Grado en el &#xE1;rea de Matem&#xE1;ticas en la Escuela Rep&#xFA;blica de Ecuador Distrito 10-02, Santo Domingo Norte Rep&#xFA;blica Dominicana a&#xF1;o 2013-2014.</subfield>
  </datafield>
  <datafield tag="260" ind1=" " ind2=" ">
    <subfield code="a">Santo Domingo</subfield>
  </datafield>
  <datafield tag="300" ind1=" " ind2=" ">
    <subfield code="a">127</subfield>
  </datafield>
  <datafield tag="520" ind1=" " ind2=" ">
    <subfield code="a">9</subfield>
  </datafield>
  <datafield tag="630" ind1=" " ind2=" ">
    <subfield code="a">Aprendizaje</subfield>
  </datafield>
  <datafield tag="630" ind1=" " ind2=" ">
    <subfield code="a">Bajo Rendimiento</subfield>
  </datafield>
  <datafield tag="630" ind1=" " ind2=" ">
    <subfield code="a">Estudiantes</subfield>
  </datafield>
  <datafield tag="630" ind1=" " ind2=" ">
    <subfield code="a">Matem&#xE1;tica</subfield>
  </datafield>
  <datafield tag="650" ind1=" " ind2=" ">
    <subfield code="a">Gesti&#xF3;n Educativa</subfield>
  </datafield>
  <datafield tag="690" ind1=" " ind2=" ">
    <subfield code="a">Elaborado</subfield>
  </datafield>
  <datafield tag="700" ind1=" " ind2=" ">
    <subfield code="e">asesor</subfield>
    <subfield code="a">P&#xE9;rez , Miledys </subfield>
  </datafield>
  <datafield tag="700" ind1=" " ind2=" ">
    <subfield code="e">autor</subfield>
    <subfield code="a">Bautista P&#xE9;rez, Carmen Julissa</subfield>
  </datafield>
  <datafield tag="700" ind1=" " ind2=" ">
    <subfield code="e">autor</subfield>
    <subfield code="a">P&#xE9;rez Rodr&#xED;guez , Julia</subfield>
  </datafield>
  <datafield tag="901" ind1=" " ind2=" ">
    <subfield code="a">{"1":"Bautista P&#xE9;rez","2":"P&#xE9;rez Rodr&#xED;guez "}</subfield>
    <subfield code="b">{"1":"Carmen Julissa","2":"Julia"}</subfield>
  </datafield>
  <datafield tag="902" ind1=" " ind2=" ">
    <subfield code="a">1</subfield>
  </datafield>
  <datafield tag="903" ind1=" " ind2=" ">
    <subfield code="a">{"1":"P&#xE9;rez "}</subfield>
    <subfield code="b">{"1":"Miledys "}</subfield>
  </datafield>
  <datafield tag="904" ind1=" " ind2=" ">
    <subfield code="a">Maestr&#xED;a en</subfield>
  </datafield>
  <datafield tag="905" ind1=" " ind2=" ">
    <subfield code="a">Educaci&#xF3;n</subfield>
  </datafield>
  <datafield tag="906" ind1=" " ind2=" ">
    <subfield code="a">1</subfield>
  </datafield>
  <datafield tag="907" ind1=" " ind2=" ">
    <subfield code="a">Menci&#xF3;n en</subfield>
  </datafield>
  <datafield tag="908" ind1=" " ind2=" ">
    <subfield code="a">Gesti&#xF3;n de Centros Educativos</subfield>
  </datafield>
  <datafield tag="909" ind1=" " ind2=" ">
    <subfield code="a">Universidad Abierta para Adultos (UAPA), Recinto Santo Domingo Oriental</subfield>
  </datafield>
  <datafield tag="910" ind1=" " ind2=" ">
    <subfield code="a">NULL</subfield>
    <subfield code="b">NULL</subfield>
  </datafield>
  <datafield tag="911" ind1=" " ind2=" ">
    <subfield code="a">["1"]</subfield>
  </datafield>
  <datafield tag="912" ind1=" " ind2=" ">
    <subfield code="a">NO APLICA</subfield>
  </datafield>
  <datafield tag="913" ind1=" " ind2=" ">
    <subfield code="a">NULL</subfield>
  </datafield>
  <datafield tag="914" ind1=" " ind2=" ">
    <subfield code="a">03 de Junio de 2013</subfield>
  </datafield>
  <datafield tag="915" ind1=" " ind2=" ">
    <subfield code="a">03/07/15 08:07</subfield>
  </datafield>
  <datafield tag="916" ind1=" " ind2=" ">
    <subfield code="a">NULL</subfield>
  </datafield>
  <datafield tag="917" ind1=" " ind2=" ">
    <subfield code="a">NULL</subfield>
  </datafield>
  <datafield tag="918" ind1=" " ind2=" ">
    <subfield code="a">NO APLICA</subfield>
  </datafield>
  <datafield tag="919" ind1=" " ind2=" ">
    <subfield code="a">["18","27","96","135"]</subfield>
  </datafield>
  <datafield tag="520" ind1=" " ind2=" ">
    <subfield code="a">Los objetivos principales de este estudio consistieron en determinar cuales son las caracter&#xED;sticas en que se desarrolla el proceso de ense&#xF1;anza aprendizaje de los procedimientos algor&#xED;tmicos en la matem&#xE1;tica escolar en su concepci&#xF3;n did&#xE1;ctica y en su relaci&#xF3;n en la pr&#xE1;ctica en el nivel b&#xE1;sico y determinar los factores que inciden en el bajo rendimiento de los estudiantes de 7mo. Grado en el &#xE1;rea de Matem&#xE1;ticas en la Escuela Rep&#xFA;blica de Ecuador Distrito 10-02, Santo Domingo Norte Rep&#xFA;blica Dominicana a&#xF1;o 2013-2014.La metodolog&#xED;a utilizada fue de tipo descriptivo. Se utiliz&#xF3; como instrumento el cuestionario y la observaci&#xF3;n. Como t&#xE9;cnicas se utiliz&#xF3; la encuesta, la entrevista y pruebas de medici&#xF3;n de conocimientos.Se trabaj&#xF3; con una poblaci&#xF3;n de 416 alumnos que equivale al total de la poblaci&#xF3;n en la tanda vespertina como muestra se tomo 112 alumnos de dicha poblaci&#xF3;n.El estudio concluy&#xF3; que la principal causa del bajo rendimiento en el &#xE1;rea de Matem&#xE1;tica es el poco tiempo que los alumnos dedican al estudio de esta asignatura durante la semana, que dentro de las debilidades de ense&#xF1;anza esta la falta de relaci&#xF3;n de los contenidos con la vida diaria, la aplicaci&#xF3;n de pruebas inadecuadas para la evaluaci&#xF3;n de la misma, que la estrategia que genera mayor aprendizaje en esta &#xE1;rea del conocimiento es la de resoluci&#xF3;n de pruebas.El estudio recomend&#xF3; que los programas de Matem&#xE1;ticas de Licenciatura de Educaci&#xF3;n B&#xE1;sica del ISFODOSU sean modificados, que hay que quitarles y agregarle contenidos que no son del Nivel B&#xE1;sico, que deben ser revisados los programas de formaci&#xF3;n docente en el &#xE1;rea de matem&#xE1;tica en todas las universidades de la Rep&#xFA;blica Dominicana y evaluar los estudiantes cada cierto tiempo para determinar los conocimientos adquiridos en el proceso de ense&#xF1;anza aprendizaje.Para visualizar este estudio en su totalidad haga click aqu&#xED;</subfield>
  </datafield>
  <datafield tag="921" ind1=" " ind2=" ">
    <subfield code="a">16</subfield>
  </datafield>
  <datafield tag="922" ind1=" " ind2=" ">
    <subfield code="a">16</subfield>
  </datafield>
  <datafield tag="923" ind1=" " ind2=" ">
    <subfield code="a">0</subfield>
  </datafield>
  <datafield tag="924" ind1=" " ind2=" ">
    <subfield code="a">NO APLICA</subfield>
  </datafield>
  <datafield tag="942" ind1=" " ind2=" ">
    <subfield code="c">Tesis</subfield>
  </datafield>
  <datafield tag="999" ind1=" " ind2=" ">
    <subfield code="c">361</subfield>
    <subfield code="d">361</subfield>
  </datafield>
</record>
